01530nam a22002177a 450000500170000000800410001702000180005804000070007604100080008308200210009110000280011224500190014026000320015930000310019136500620022252007910028465000420107594200120111799900190112995201640114820220411123038.0220406b ||||| |||| 00| 0 eng d a9789390252817 cAL aeng 223a820.33bPODG aTanushree Podder927919 aGirls in Green aNew DelhibBloomsburyc2021 axxviii,347p.bPBc20x13cm. 2Generala6320b₹389.22c₹d₹499.00e22%f08/03/2022 aFour girls. One uniform. One dream.Set in the Officers' Training Academy, this is the story.Of Bijli Bijarnia aka Billi, the girl with feline grace and lightning-fast ref lexes, determined to tear through the social taboos of Haryana hinterland from where she hails.Of Lakmenlang Zyiem aka Lakme from Shillong, the optimistic law graduate who is the first Khasi girl to join the academy.Of Shiny Joseph from Kottayam, who only joins the academy to be near her boyfriend but finds herself pitted against him more often than not.Of Nutan Patil aka Nutty from Jalna, the mimic, the incurable romantic, the effervescent drama queen.The Girls in Green is a story not only about soaring ambition and punishing military regimens, but also about gratifying rewards and the joys of friendship.  2English LiteratureaLiterature927920 2ddccBK c222216d222216 00102ddc40708MAENGaSACPGbSACPGd2022-03-11eBiblios Book Pointg389.22l3o820.33 PODGpPG023823r2026-03-09 15:19:35s2026-03-09v499.00w2022-08-03yBK